000 01208nam a2200277 a 4500
003 OSt
005 20231023104636.0
008 231003s2023 mx a|||fom||| 001 0 spa d
040 _erda
100 1 _9188052
_aLópez González, Edgar
245 1 _aComportamiento productivo de ovejas de pelo alimentadas con niveles crecientes de Gliricidia sepium /
_cpor Edgar López González ; director de tesis Jorge Rodolfo Canul Solís.
264 1 _aYucatán, México :
_bEl autor,
_c2023.
300 _a1 recurso en línea (54páginas):
_bcuadros, figuras.
336 _2rdacontent
_atexto
_btxt
337 _2rdamedia
_acomputadora
_bc
338 _2rdacarrier
_arecurso en línea
_bcr
502 _bIDA
_cCentros Regionales
_d2023.
_gLIC
504 _aIncluye referencias bibliográficas: páginas 33-40.
650 4 _945153
_aGanado lanar
_xAlimentación
650 7 _945175
_aGanado lanar
_xEngorda
650 4 _945211
_aGanado lanar
_xPeso
650 4 _9130422
_aGliricidia sepium
_xProteinas
700 1 _9188054
_aCanul Solís, Jorge Rodolfo
_eDirector de tesis.
856 _uhttp://10.13.5.2/tesis/tl/1311364-3_LOPEZ_GONZALEZ_EDGAR.pdf
_zDESCARGAR PDF
942 _2Clasificación Universidad Autónoma Chapingo
999 _c219199
_d219199